Power Electronic (Record no. 4979)

MARC details
000 -LEADER
fixed length control field 00380nam a22001697a 4500
005 - DATE AND TIME OF LATEST TRANSACTION
control field 20160630164628.0
008 - FIXED-LENGTH DATA ELEMENTS--GENERAL INFORMATION
fixed length control field 160630b xxu||||| |||| 00| 0 eng d
020 ## - INTERNATIONAL STANDARD BOOK NUMBER
ISBN 976-0-07-462400-5
041 ## - LANGUAGE CODE
Language code of text/sound track or separate title eng
082 ## - DEWEY DECIMAL CLASSIFICATION NUMBER
Item number 20115
100 ## - MAIN ENTRY--AUTHOR NAME
Personal name Sen PC
245 ## - TITLE STATEMENT
Title Power Electronic
260 ## - PUBLICATION, DISTRIBUTION, ETC. (IMPRINT)
Name of publisher TMH
Year of publication 2013
300 ## - PHYSICAL DESCRIPTION
Number of Pages 1017
650 ## - SUBJECT ADDED ENTRY--TOPICAL TERM
Topical Term Diploma Engineering
942 ## - ADDED ENTRY ELEMENTS (KOHA)
Koha item type Books
Holdings
Lost status Damaged status Home library Current library Shelving location Date acquired Cost, normal purchase price Full call number Accession Number Koha item type Collection code
    JRU Library   SHELF-37-C 30/06/2016 825.00 20115 20115 Books  
    JRU Library   SHELF-37-C 30/06/2016 825.00 20115 20116 Books  
    JRU Library   SHELF-37-C 30/06/2016 825.00 20115 20117 Books  
    JRU Library   SHELF-37-C 30/06/2016 825.00 20115 20118 Books  
    JRU Library   SHELF-37-C 30/06/2016 825.00 20115 20119 Books  
    JRU Library   SHELF-37-C 30/06/2016 825.00 20115 20120 Books  
    JRU Library   SHELF-37-C 30/06/2016 825.00 20115 20121 Books  
    JRU Library   SHELF-37-C 30/06/2016 825.00 20115 20122 Books  
    JRU Library   SHELF-37-C 30/06/2016 825.00 20115 20123 Books  
    JRU Library   SHELF-37-C 30/06/2016 825.00 20115 20124 Books  
    JRU Library   SHELF-37-C 30/06/2016 825.00 20115 20125 Books  
    JRU Library   SHELF-37-C 30/06/2016 825.00 20115 20126 Books  
    JRU Library   SHELF-72-B 30/06/2016 825.00 20115 20127 Books Reference
    JRU Library   SHELF-37-C 30/06/2016 825.00 20115 20128 Books